Pyar Ka Pehla Shehr / پیار کا پہلا شہر (Urdu) / (Record no. 593771)

000 -LEADER
fixed length control field 00438nam a22001457a 4500
020 ## - INTERNATIONAL STANDARD BOOK NUMBER
International Standard Book Number 969-35-0315-5
040 ## - CATALOGING SOURCE
Transcribing agency NUST
082 ## - DEWEY DECIMAL CLASSIFICATION NUMBER
Classification number 891.4393,TAR
100 ## - MAIN ENTRY--PERSONAL NAME
Personal name Tarar, Mustansar Hussain
9 (RLIN) 3135
245 ## - TITLE STATEMENT
Title Pyar Ka Pehla Shehr / پیار کا پہلا شہر (Urdu) /
Statement of responsibility, etc. Mustansar Hussain Tarar
260 ## - PUBLICATION, DISTRIBUTION, ETC.
Place of publication, distribution, etc. Lahore
Name of publisher, distributor, etc. Sang-e-meel
Date of publication, distribution, etc. 2012
300 ## - PHYSICAL DESCRIPTION
Extent 262 p.;
650 ## - SUBJECT ADDED ENTRY--TOPICAL TERM
Topical term or geographic name entry element Urdu Literature
General subdivision Novel
9 (RLIN) 110271
942 ## - ADDED ENTRY ELEMENTS (KOHA)
Source of classification or shelving scheme
Koha item type Book
Call number prefix 891.4393,TAR
Holdings
Withdrawn status Lost status Source of classification or shelving scheme Damaged status Not for loan Permanent Location Current Location Shelving location Date acquired Total Checkouts Full call number Barcode Date last seen Date last checked out Price effective from Koha item type Public note
          Military College of Signals (MCS) Military College of Signals (MCS) General Stacks 03/16/2023 6 891.4393,TAR MCS34201 01/16/2026 01/13/2026 03/16/2023 Book Almirah No.66, Shelf No.4
© 2023 Central Library, National University of Sciences and Technology. All Rights Reserved.